<?xml version="1.0" encoding="UTF-8"?>
<record
    xmlns:xsi="http://www.w3.org/2001/XMLSchema-instance"
    xsi:schemaLocation="http://www.loc.gov/MARC21/slim http://www.loc.gov/standards/marcxml/schema/MARC21slim.xsd"
    xmlns="http://www.loc.gov/MARC21/slim">

  <leader>01367nam a2200301 a 4500</leader>
  <controlfield tag="003">DO-SdBNP</controlfield>
  <controlfield tag="005">20221116103418.0</controlfield>
  <controlfield tag="007">ta</controlfield>
  <controlfield tag="008">221116e20172022dr  |||gr|||| 001 edspa d</controlfield>
  <datafield tag="020" ind1=" " ind2=" ">
    <subfield code="a">9789945250268</subfield>
  </datafield>
  <datafield tag="040" ind1=" " ind2=" ">
    <subfield code="a">DO-SdBNP</subfield>
    <subfield code="b">spa</subfield>
    <subfield code="c">BNPHU</subfield>
  </datafield>
  <datafield tag="082" ind1=" " ind2="4">
    <subfield code="2">22</subfield>
    <subfield code="b">P659s 2022</subfield>
  </datafield>
  <datafield tag="245" ind1="1" ind2="0">
    <subfield code="a">Santo Domingo: </subfield>
    <subfield code="b">una colonia en la encrucijada 1790 - 1820. /</subfield>
    <subfield code="c">Antonio Jes&#xFA;s Pinto Tortosa</subfield>
  </datafield>
  <datafield tag="250" ind1=" " ind2=" ">
    <subfield code="a">2da. ed.</subfield>
  </datafield>
  <datafield tag="260" ind1=" " ind2=" ">
    <subfield code="a">Santo Domingo :</subfield>
    <subfield code="b">Archivo General de la Naci&#xF3;n,</subfield>
    <subfield code="c">2022</subfield>
  </datafield>
  <datafield tag="300" ind1=" " ind2=" ">
    <subfield code="a">392 p. ;</subfield>
    <subfield code="c">23 cm.</subfield>
  </datafield>
  <datafield tag="490" ind1=" " ind2=" ">
    <subfield code="a">Archivo General de la Naci&#xF3;n ;</subfield>
    <subfield code="v">444</subfield>
  </datafield>
  <datafield tag="500" ind1=" " ind2=" ">
    <subfield code="a">Incluye datos biogr&#xE1;ficos del autor en las solapas de las cubiertas.</subfield>
  </datafield>
  <datafield tag="500" ind1=" " ind2=" ">
    <subfield code="a">Incluye bibliograf&#xED;a y notas al pi&#xE9; de p&#xE1;ginas. </subfield>
  </datafield>
  <datafield tag="500" ind1=" " ind2=" ">
    <subfield code="a">Incluye &#xED;ndice onom&#xE1;stico p. 379 - 388</subfield>
  </datafield>
  <datafield tag="504" ind1=" " ind2=" ">
    <subfield code="a">Bibliograf 377 - 353</subfield>
  </datafield>
  <datafield tag="505" ind1=" " ind2=" ">
    <subfield code="a">Nota del autor a la primera edici&#xF3;n.-- Nota del autor a la segunda edici&#xF3;n.--</subfield>
  </datafield>
  <datafield tag="505" ind1=" " ind2=" ">
    <subfield code="a">Introducci&#xF3;n.</subfield>
    <subfield code="t">Marco Te&#xF3;rico.</subfield>
    <subfield code="g">Primera Parte.</subfield>
    <subfield code="t">La habilidad diplom&#xE1;tica espa&#xF1;ola</subfield>
    <subfield code="g">Segunda parte.</subfield>
    <subfield code="t">La Guerra Franco-Espa&#xF1;ola en el Caribe.--</subfield>
    <subfield code="g">Tercera parte.</subfield>
    <subfield code="t">La lealtad dominicana.--</subfield>
    <subfield code="g">Cuarta parte.</subfield>
    <subfield code="t">Las invasiones negras.--</subfield>
    <subfield code="g">Quinta parte.</subfield>
    <subfield code="t">La guerra de reconquista.--</subfield>
  </datafield>
  <datafield tag="590" ind1=" " ind2=" ">
    <subfield code="a">Inventariado 2022 / MF</subfield>
  </datafield>
  <datafield tag="710" ind1="2" ind2=" ">
    <subfield code="a">Foro  para el Estudio de la Historia Militar de Espa&#xF1;a (FEHME)</subfield>
    <subfield code="9">82831</subfield>
  </datafield>
  <datafield tag="910" ind1=" " ind2=" ">
    <subfield code="a">MFeliz</subfield>
  </datafield>
  <datafield tag="942" ind1=" " ind2=" ">
    <subfield code="2">ddc</subfield>
    <subfield code="c">LBS1</subfield>
  </datafield>
  <datafield tag="952" ind1=" " ind2=" ">
    <subfield code="0">0</subfield>
    <subfield code="1">0</subfield>
    <subfield code="2">ddc</subfield>
    <subfield code="5">1</subfield>
    <subfield code="7">0</subfield>
    <subfield code="8">PD</subfield>
    <subfield code="a">BNPHU</subfield>
    <subfield code="b">BNPHU</subfield>
    <subfield code="c">CT</subfield>
    <subfield code="d">2022-10-07</subfield>
    <subfield code="e">Inventariado, 2022 /MF</subfield>
    <subfield code="l">0</subfield>
    <subfield code="o">P659s 2022</subfield>
    <subfield code="p">2022-5420</subfield>
    <subfield code="r">2022-11-16</subfield>
    <subfield code="w">2022-11-16</subfield>
    <subfield code="y">LBS1</subfield>
  </datafield>
  <datafield tag="952" ind1=" " ind2=" ">
    <subfield code="0">0</subfield>
    <subfield code="1">0</subfield>
    <subfield code="2">ddc</subfield>
    <subfield code="5">1</subfield>
    <subfield code="7">0</subfield>
    <subfield code="8">PD</subfield>
    <subfield code="a">BNPHU</subfield>
    <subfield code="b">BNPHU</subfield>
    <subfield code="c">CT</subfield>
    <subfield code="d">2022-10-07</subfield>
    <subfield code="e">Inventariado, 2022 /MF</subfield>
    <subfield code="l">0</subfield>
    <subfield code="o">P659s 2022</subfield>
    <subfield code="p">2022-5421</subfield>
    <subfield code="r">2022-11-16</subfield>
    <subfield code="t">e.2</subfield>
    <subfield code="w">2022-11-16</subfield>
    <subfield code="y">LBS1</subfield>
  </datafield>
  <datafield tag="952" ind1=" " ind2=" ">
    <subfield code="0">0</subfield>
    <subfield code="1">0</subfield>
    <subfield code="2">ddc</subfield>
    <subfield code="5">6</subfield>
    <subfield code="7">0</subfield>
    <subfield code="8">DS</subfield>
    <subfield code="a">BNPHU</subfield>
    <subfield code="b">BNPHU</subfield>
    <subfield code="c">CT</subfield>
    <subfield code="d">2022-10-07</subfield>
    <subfield code="e">Inventariado, 2022 /MF</subfield>
    <subfield code="l">0</subfield>
    <subfield code="o">P659s 2022</subfield>
    <subfield code="p">2022-5422</subfield>
    <subfield code="r">2022-11-16</subfield>
    <subfield code="t">e.3</subfield>
    <subfield code="w">2022-11-16</subfield>
    <subfield code="y">LBS1</subfield>
  </datafield>
  <datafield tag="999" ind1=" " ind2=" ">
    <subfield code="c">52950</subfield>
    <subfield code="d">52950</subfield>
  </datafield>
</record>
